| Record ID | ia:stealthyterror00ferg |
| Source | Internet Archive |
| Download MARC XML | https://archive.org/download/stealthyterror00ferg/stealthyterror00ferg_marc.xml |
| Download MARC binary | https://www.archive.org/download/stealthyterror00ferg/stealthyterror00ferg_meta.mrc |
LEADER: 00725cam 22002291 4500
001 6842416
005 20050819161433.0
008 840906s1918 nyu 000 1 eng
035 $9(DLC) 18007924
906 $a7$bcbc$coclcrpl$du$encip$f19$gy-gencatlg
010 $a 18007924
035 $a(OCoLC)11123974
040 $aDLC$cMnSP$dDLC
042 $apremarc
050 00 $aPZ3.F38138$bSt$aPR6011.E64
100 1 $aFerguson, John Alexander,$d1873-
245 10 $aStealthy terror,$cby John Ferguson ...
260 $aNew York,$bJohn Lane Company;$aLondon,$bJohn Lane,$c1918.
300 $a312 p.$bfront.$c20 cm.
985 $eOCLC REPLACEMENT cdsdistr
985 $hpz3p cdsdistr
991 $bc-GenColl$hPZ3.F38138$iSt$tCopy 1$wOCLCREP